000 00367nam a2200157Ia 4500
003 OSt
005 20240320145144.0
008 170524s9999 xx 000 0 und d
020 _a9906523492
040 _cIIMTU MEERUT
100 _aDhama -O.P.
245 0 _aEducation and commination and development
260 _bOxford & IBH
260 _c2003
942 _2ddc
_c02
999 _c6837
_d6837